| 000 | 00401nam a2200145Ia 4500 | ||
|---|---|---|---|
| 008 | 210210b2000 xxu||||| |||| 00| 0 eng d | ||
| 082 | _a344 MATL | ||
| 100 | _aMATHEW (P D). | ||
| 245 | _aLegal education series No.5: National security act 1980 your rights if arrested. | ||
| 260 |
_aND _bIndian social institute _c2000 |
||
| 300 | _a23 | ||
| 650 | _aArrest | ||
| 690 | _aSocial Law | ||
| 906 | _a038135 | ||
| 999 |
_c88206 _d88206 |
||